[Event "Isle of Wight International"]
[Site "Ryde"]
[Date "2025.02.19"]
[Round "3.5"]
[White "Prado, Alexandra"]
[Black "Jacobs, Simon"]
[Result "1-0"]
[WhiteElo "1938"]
[BlackElo "1775"]
[PlyCount "74"]
[EventDate "2025.02.18"]
[EventType "swiss"]
[EventRounds "9"]
[EventCountry "ENG"]
[SourceTitle "BritBase"]
[Source "John Saunders"]
[SourceDate "2025.02.21"]
[SourceVersion "1"]
[SourceVersionDate "2025.02.21"]
[SourceQuality "1"]

1. e4 c6 2. d4 d5 3. e5 c5 4. Nf3 cxd4 5. Qxd4 Nc6 6. Qf4 Qc7 7. Nc3 e6 8. Bd3 a6 9. O-O Nge7 10. Re1 Ng6 11. Qg3 Bc5 12. h4 f5 13. h5 Nf8 14. a3 g6 15. b4 Bd4 16. Nxd4 Nxd4 17. Bb2 Nc6 18. b5 Na5 19. Qh4 Nc4 20. Bxc4 dxc4 21. Rad1 Bd7 22. a4 Rc8 23. Rd6 axb5 24. axb5 Rg8 25. Red1 Rg7 26. h6 Rf7 27. b6 Qc5 28. Ne2 Qb4 29. Qd4 Qc5 30. Qxc5 Rxc5 31. Ra1 Rc8 32. Ra7 Bc6 33. Nd4 Bd5 34. Nb5 Rd7 35. Ba3 Rxd6 36. Nxd6+ Kd7 37. Nxc8 Kxc8 1-0

[Event "Isle of Wight International"]
[Site "Ryde"]
[Date "2025.02.19"]
[Round "3.6"]
[White "Camacho Collados, Marcos"]
[Black "Kovalskyi, Roman"]
[Result "1-0"]
[WhiteElo "2459"]
[BlackElo "2240"]
[PlyCount "103"]
[EventDate "2025.02.18"]
[EventType "swiss"]
[EventRounds "9"]
[EventCountry "ENG"]
[SourceTitle "BritBase"]
[Source "John Saunders"]
[SourceDate "2025.02.21"]
[SourceVersion "1"]
[SourceVersionDate "2025.02.21"]
[SourceQuality "1"]

1. d4 d5 2. Nf3 c5 3. dxc5 Nf6 4. c3 e6 5. Be3 Nc6 6. b4 Be7 7. h3 a5 8. b5 Nb8 9. g3 Qc7 10. b6 Qd8 11. Nbd2 Nfd7 12. Qa4 O-O 13. Nb3 Nc6 14. Bg2 Nf6 15. Nbd4 Bd7 16. Nb5 Ne4 17. Qa3 Ra6 18. Nd6 Bxd6 19. cxd6 Qb8 20. O-O Nxd6 21. Bf4 Nc4 22. Bxb8 Nxa3 23. Bd6 Nc4 24. Bxf8 Kxf8 25. Rab1 Nxb6 26. Nd2 Nd8 27. Rfc1 Na4 28. c4 dxc4 29. Nxc4 b5 30. Ne5 Be8 31. a3 f6 32. Nd3 Nf7 33. Rc8 Nd6 34. Rb8 Nc4 35. R1xb5 Nxa3 36. R5b7 Nc4 37. Rc7 Nd6 38. Nf4 Nb5 39. Rc6 Ra7 40. Rxe6 Nc7 41. Rexe8+ Nxe8 42. Bc6 Nc3 43. Rxe8+ Kf7 44. Re3 Nd1 45. Rd3 Nb2 46. Rb3 Nd1 47. Rd3 Nb2 48. Rd2 g5 49. Ng2 Rc7 50. Bd5+ Kg7 51. Rxb2 Rc1+ 52. Kh2 1-0

[Event "Isle of Wight International"]
[Site "Ryde"]
[Date "2025.02.19"]
[Round "3.7"]
[White "Fava, Lorenzo"]
[Black "Willow, Jonah B"]
[Result "1/2-1/2"]
[WhiteElo "2269"]
[BlackElo "2459"]
[PlyCount "85"]
[EventDate "2025.02.18"]
[EventType "swiss"]
[EventRounds "9"]
[EventCountry "ENG"]
[SourceTitle "BritBase"]
[Source "John Saunders"]
[SourceDate "2025.02.21"]
[SourceVersion "1"]
[SourceVersionDate "2025.02.21"]
[SourceQuality "1"]

1. c4 c5 2. Nf3 Nf6 3. d4 cxd4 4. Nxd4 Nc6 5. Nc3 e6 6. g3 Qb6 7. Ndb5 Ne5 8. Bf4 Nfg4 9. e3 a6 10. h3 axb5 11. hxg4 Nxc4 12. Qb3 d5 13. Bxc4 dxc4 14. Qxb5+ Qxb5 15. Nxb5 Ra5 16. Nd6+ Bxd6 17. Bxd6 Bd7 18. Rh5 Rxh5 19. gxh5 f6 20. f3 Kf7 21. Rd1 g6 22. g4 gxh5 23. gxh5 Bc6 24. Kf2 Ra8 25. a3 Ra5 26. Rh1 Rg5 27. e4 Rb5 28. Bb4 f5 29. Ke3 fxe4 30. fxe4 Kg7 31. Kf4 Rf5+ 32. exf5 Bxh1 33. fxe6 Kf6 34. e7 Bc6 35. Ke3 Ke5 36. Bc3+ Ke6 37. Bb4 Ke5 38. Ba5 Ke6 39. Bd8 Ke5 40. Kd2 Kd5 41. Kc3 h6 42. Kb4 Be8 43. Bc7 1/2-1/2

[Event "Isle of Wight International"]
[Site "Ryde"]
[Date "2025.02.19"]
[Round "3.8"]
[White "Collin, Moritz Valentin"]
[Black "Gormally, Daniel W"]
[Result "0-1"]
[WhiteElo "2240"]
[BlackElo "2435"]
[PlyCount "118"]
[EventDate "2025.02.18"]
[EventType "swiss"]
[EventRounds "9"]
[EventCountry "ENG"]
[SourceTitle "BritBase"]
[Source "John Saunders"]
[SourceDate "2025.02.21"]
[SourceVersion "1"]
[SourceVersionDate "2025.02.21"]
[SourceQuality "1"]

1. d4 Nf6 2. c4 g6 3. Nc3 Bg7 4. e4 d6 5. Be2 O-O 6. Be3 Nc6 7. d5 Ne5 8. Rc1 c6 9. Nf3 Nfg4 10. Bg5 f5 11. Nd4 Qb6 12. Na4 Nd3+ 13. Qxd3 Qxd4 14. Qxd4 Bxd4 15. Bxg4 fxg4 16. Bxe7 Re8 17. Bxd6 Rxe4+ 18. Kf1 cxd5 19. cxd5 Bd7 20. Nc3 Bxc3 21. bxc3 Bb5+ 22. Kg1 Bc4 23. a3 Bxd5 24. h3 Rc8 25. Kh2 Re2 26. Kg3 gxh3 27. Rxh3 Rd2 28. Be5 Ra2 29. Rxh7 Kxh7 30. Rh1+ Kg8 31. Rh8+ Kf7 32. Rxc8 Rxa3 33. Rf8+ Kxf8 34. Bd6+ Kf7 35. Bxa3 Ke6 36. f3 Bc6 37. c4 Ba4 38. Kf4 Bb3 39. Kg5 Kf7 40. c5 Bc2 41. Bb4 Ke6 42. f4 Kd5 43. g4 Kc4 44. Bd2 a6 45. f5 gxf5 46. c6 bxc6 47. gxf5 Kd4 48. f6 Bb3 49. Kf4 Bf7 50. Bc1 c5 51. Bb2+ Kd3 52. Ke5 c4 53. Kd6 Kc2 54. Ba3 Kb3 55. Bc1 a5 56. Ke7 Bg8 57. f7 Bxf7 58. Kxf7 a4 59. Ke6 a3 0-1

[Event "Isle of Wight International"]
[Site "Ryde"]
[Date "2025.02.19"]
[Round "3.9"]
[White "Zhou, Yang-Fan"]
[Black "Sooraj, M R"]
[Result "1-0"]
[WhiteElo "2427"]
[BlackElo "2152"]
[PlyCount "93"]
[EventDate "2025.02.18"]
[EventType "swiss"]
[EventRounds "9"]
[EventCountry "ENG"]
[SourceTitle "BritBase"]
[Source "John Saunders"]
[SourceDate "2025.02.21"]
[SourceVersion "1"]
[SourceVersionDate "2025.02.21"]
[SourceQuality "1"]

1. e4 Nf6 2. e5 Nd5 3. d4 d6 4. Nf3 g6 5. Bc4 dxe5 6. dxe5 Be6 7. Nc3 Nxc3 8. Qxd8+ Kxd8 9. Bxe6 fxe6 10. bxc3 Bg7 11. Ng5 Kd7 12. Bf4 Nc6 13. O-O-O+ Kc8 14. Nxe6 Bxe5 15. Bxe5 Nxe5 16. Rhe1 Nc4 17. Ng5 e5 18. f4 h6 19. Nf7 Rf8 20. Nxe5 Nxe5 21. Rxe5 b6 22. g3 Rf6 23. Re8+ Kb7 24. Rxa8 Kxa8 25. Kd2 Kb7 26. Ke3 Rc6 27. Rd3 Rc5 28. g4 Ra5 29. Ke4 h5 30. h3 hxg4 31. hxg4 Rxa2 32. f5 Ra4+ 33. Ke5 gxf5 34. gxf5 Ra1 35. f6 Rf1 36. Ke6 Re1+ 37. Kd7 Rf1 38. Ke7 Re1+ 39. Kf8 Kc6 40. f7 a5 41. Rf3 a4 42. Kg8 Rg1+ 43. Kh7 Rh1+ 44. Kg7 Rg1+ 45. Kf6 a3 46. f8=Q a2 47. Qa8+ 1-0

[Event "Isle of Wight International"]
[Site "Ryde"]
[Date "2025.02.19"]
[Round "3.10"]
[White "Boswell, Jacob Connor"]
[Black "Czopor, Maciej"]
[Result "0-1"]
[WhiteElo "2214"]
[BlackElo "2409"]
[PlyCount "128"]
[EventDate "2025.02.18"]
[EventType "swiss"]
[EventRounds "9"]
[EventCountry "ENG"]
[SourceTitle "BritBase"]
[Source "John Saunders"]
[SourceDate "2025.02.21"]
[SourceVersion "1"]
[SourceVersionDate "2025.02.21"]
[SourceQuality "1"]

1. e4 c5 2. Nf3 e6 3. b3 Nc6 4. Bb2 a6 5. c4 Nf6 6. e5 Ng4 7. h3 Nh6 8. Nc3 Nf5 9. Bd3 Nfd4 10. Ne4 d5 11. exd6 Bxd6 12. Nxd6+ Qxd6 13. O-O O-O 14. Nxd4 Nxd4 15. Rc1 b6 16. Be4 Ra7 17. g3 Bb7 18. d3 Bxe4 19. dxe4 Rd7 20. Re1 Rfd8 21. Bxd4 Qxd4 22. Qxd4 Rxd4 23. Re2 g5 24. Kg2 Kg7 25. f3 Kf6 26. Rcc2 h5 27. Rf2 Rd3 28. f4 g4 29. hxg4 hxg4 30. Rfe2 R8d4 31. Rb2 a5 32. Rbc2 Ke7 33. Rb2 Kd7 34. e5 Kc6 35. Rf2 a4 36. f5 Re3 37. fxe6 fxe6 38. Rbe2 Rdd3 39. Rxe3 Rxe3 40. bxa4 Rxe5 41. Rf4 Re2+ 42. Rf2 Re4 43. Rf4 Rd4 44. Kf2 e5 45. Rf6+ Kb7 46. a5 bxa5 47. Ke3 Rxc4 48. Re6 Rc3+ 49. Ke4 Rxg3 50. Kd5 Ra3 51. Rg6 Rxa2 52. Kxe5 Rd2 53. Rxg4 Kc6 54. Rg8 Re2+ 55. Kf4 Kb5 56. Rb8+ Kc4 57. Ra8 Kb4 58. Rb8+ Kc3 59. Rb5 c4 60. Rxa5 Kd3 61. Kf3 Re8 62. Rd5+ Kc2 63. Rc5 c3 64. Rc7 Kd2 0-1

[Event "Isle of Wight International"]
[Site "Ryde"]
[Date "2025.02.19"]
[Round "3.11"]
[White "Derakhshani, Borna"]
[Black "Elgar, Tim"]
[Result "1-0"]
[WhiteElo "2355"]
[BlackElo "2104"]
[PlyCount "109"]
[EventDate "2025.02.18"]
[EventType "swiss"]
[EventRounds "9"]
[EventCountry "ENG"]
[SourceTitle "BritBase"]
[Source "John Saunders"]
[SourceDate "2025.02.21"]
[SourceVersion "1"]
[SourceVersionDate "2025.02.21"]
[SourceQuality "1"]

1. e4 c6 2. d4 d5 3. Nc3 dxe4 4. Nxe4 Nf6 5. Nxf6+ exf6 6. c3 Bd6 7. Bd3 O-O 8. Qc2 Re8+ 9. Ne2 h5 10. O-O h4 11. h3 Nd7 12. f4 g6 13. Bd2 f5 14. Be1 Be7 15. a4 a5 16. Rd1 Bf6 17. Bf2 Qc7 18. d5 c5 19. Bb5 Qd6 20. Nc1 Re4 21. Nb3 b6 22. Nd2 Rxf4 23. Rfe1 Ne5 24. Be3 Bg5 25. Bxf4 Bxf4 26. Nc4 Nxc4 27. Re8+ Kg7 28. Bxc4 Bb7 29. Qe2 Rxe8 30. Qxe8 Qf6 31. d6 Bxd6 32. Rxd6 Qxd6 33. Qxf7+ Kh6 34. Qxb7 Qf4 35. Bf1 Qe3+ 36. Kh1 Qc1 37. Qf3 Qxb2 38. Qe3+ Kg7 39. Qe7+ Kh6 40. Qxh4+ Kg7 41. Qe7+ Kh6 42. Qe3+ Kg7 43. Kh2 Qb3 44. Bb5 Qd5 45. Qe7+ Kh6 46. h4 Qd1 47. Be8 Qg4 48. Qg5+ Qxg5 49. hxg5+ Kxg5 50. Kg3 Kf6 51. Kf4 g5+ 52. Ke3 Ke5 53. Bc6 Kd6 54. Ba8 Ke5 55. Kd3 1-0

[Event "Isle of Wight International"]
[Site "Ryde"]
[Date "2025.02.19"]
[Round "3.12"]
[White "Maki Uuro, Miika"]
[Black "Beerdsen, Thomas"]
[Result "0-1"]
[WhiteElo "2278"]
[BlackElo "2511"]
[PlyCount "68"]
[EventDate "2025.02.18"]
[EventType "swiss"]
[EventRounds "9"]
[EventCountry "ENG"]
[SourceTitle "BritBase"]
[Source "John Saunders"]
[SourceDate "2025.02.21"]
[SourceVersion "1"]
[SourceVersionDate "2025.02.21"]
[SourceQuality "1"]

1. d4 d5 2. c4 c6 3. cxd5 cxd5 4. Nf3 Nc6 5. Nc3 e6 6. Bf4 Qb6 7. Na4 Qa5+ 8. Bd2 Qc7 9. Rc1 Bd6 10. e3 Nf6 11. Bb5 Bd7 12. Nc5 O-O 13. O-O Rfc8 14. Nxd7 Nxd7 15. Bd3 Nf6 16. b4 a6 17. a4 Qb6 18. b5 axb5 19. axb5 Na5 20. Rxc8+ Rxc8 21. Qa4 Nc4 22. Rc1 Qc7 23. Ba5 b6 24. Bb4 Ne8 25. g3 Qb7 26. Bxd6 Nexd6 27. Ne5 Nxe5 28. Rxc8+ Qxc8 29. dxe5 Nc4 30. Bxc4 dxc4 31. Qa6 Qd8 32. e4 h6 33. Qa3 Qd2 34. Qd6 c3 0-1

[Event "Isle of Wight International"]
[Site "Ryde"]
[Date "2025.02.19"]
[Round "3.13"]
[White "Wadsworth, Matthew J"]
[Black "Banerjee, Supratit"]
[Result "1/2-1/2"]
[WhiteElo "2489"]
[BlackElo "2264"]
[PlyCount "79"]
[EventDate "2025.02.18"]
[EventType "swiss"]
[EventRounds "9"]
[EventCountry "ENG"]
[SourceTitle "BritBase"]
[Source "John Saunders"]
[SourceDate "2025.02.21"]
[SourceVersion "1"]
[SourceVersionDate "2025.02.21"]
[SourceQuality "1"]

1. d4 Nf6 2. c4 g6 3. Nc3 Bg7 4. e4 d6 5. Nf3 O-O 6. Be2 e5 7. O-O exd4 8. Nxd4 Re8 9. f3 c6 10. Nc2 Na6 11. Kh1 h6 12. Bf4 d5 13. cxd5 cxd5 14. Bxa6 bxa6 15. Nxd5 Nxd5 16. exd5 g5 17. Bg3 Bf5 18. d6 Qb6 19. Bf2 Bxc2 20. Qxc2 Qxd6 21. Rad1 Qe6 22. Qa4 Qe2 23. b3 Qb5 24. Qxb5 axb5 25. h4 Re2 26. hxg5 hxg5 27. Rd5 Bf6 28. Rxb5 Rxa2 29. Be3 Kg7 30. Rd1 Rh8+ 31. Kg1 Re8 32. Rd2 Ra1+ 33. Kf2 Kg6 34. Rb7 a5 35. Rb6 Re6 36. Rxe6 fxe6 37. Rd6 Ra2+ 38. Kf1 Kf7 39. Ra6 Ra3 40. Kf2 1/2-1/2

[Event "Isle of Wight International"]
[Site "Ryde"]
[Date "2025.02.19"]
[Round "3.14"]
[White "Venkatesan, Kavin"]
[Black "Larkin, Vladyslav"]
[Result "0-1"]
[WhiteElo "2227"]
[BlackElo "2441"]
[PlyCount "86"]
[EventDate "2025.02.18"]
[EventType "swiss"]
[EventRounds "9"]
[EventCountry "ENG"]
[SourceTitle "BritBase"]
[Source "John Saunders"]
[SourceDate "2025.02.21"]
[SourceVersion "1"]
[SourceVersionDate "2025.02.21"]
[SourceQuality "1"]

1. d4 Nf6 2. c4 e6 3. Nf3 Bb4+ 4. Nbd2 a5 5. a3 Be7 6. e4 d5 7. Qc2 c5 8. cxd5 exd5 9. dxc5 Nc6 10. Bd3 Bg4 11. e5 Nd7 12. h3 Bh5 13. e6 fxe6 14. Bxh7 Kf7 15. Bd3 Nxc5 16. Ng5+ Bxg5 17. Qxc5 a4 18. O-O Ra5 19. Qc2 Nd4 20. Qb1 Bxd2 21. Bxd2 Nf3+ 22. gxf3 Bxf3 23. Bf5 Qf6 24. Qd3 Qxf5 25. Qxf5+ exf5 26. Kh2 Rb5 27. Rac1 d4 28. Rc7+ Kf6 29. h4 Rxh4+ 30. Kg3 Rb3 31. Kxh4 Bg2 32. Bg5+ Kg6 33. Rh1 Bxh1 34. Bf4 Bg2 35. Bg3 Kf6 36. f4 d3 37. Rd7 Ke6 38. Rd4 Be4 39. Be1 Rxb2 40. Bb4 Rxb4 41. Rxb4 Kd5 42. Rxb7 Kd4 43. Rxg7 d2 0-1

[Event "Isle of Wight International"]
[Site "Ryde"]
[Date "2025.02.19"]
[Round "3.15"]
[White "Vestby-Ellingsen, Mads"]
[Black "Larchikov, Maksym"]
[Result "1-0"]
[WhiteElo "2406"]
[BlackElo "2088"]
[PlyCount "117"]
[EventDate "2025.02.18"]
[EventType "swiss"]
[EventRounds "9"]
[EventCountry "ENG"]
[SourceTitle "BritBase"]
[Source "John Saunders"]
[SourceDate "2025.02.21"]
[SourceVersion "1"]
[SourceVersionDate "2025.02.21"]
[SourceQuality "1"]

1. e4 c6 2. d4 d5 3. Nd2 dxe4 4. Nxe4 Bf5 5. Ng3 Bg6 6. h4 h6 7. Nf3 Nd7 8. h5 Bh7 9. Bd3 Bxd3 10. Qxd3 e6 11. Bd2 Ngf6 12. O-O-O Be7 13. Kb1 O-O 14. Ne4 Nxe4 15. Qxe4 Nf6 16. Qe2 Qd5 17. Be3 Qb5 18. c4 Qf5+ 19. Ka1 Ng4 20. Bc1 Rad8 21. Nh4 Bxh4 22. Rxh4 Nf6 23. g4 Qe4 24. Be3 Qg2 25. Rdh1 b5 26. cxb5 cxb5 27. Qxb5 Nxg4 28. Qe2 Nxe3 29. Qxe3 Rd5 30. Qe1 Rfd8 31. Rg1 Qf3 32. a3 Rxd4 33. Qe5 Rd1+ 34. Rxd1 Rxd1+ 35. Ka2 Qd3 36. Rg4 Qd5+ 37. Qxd5 Rxd5 38. Rh4 Kf8 39. b4 Rd2+ 40. Kb3 Rxf2 41. Rc4 Rd2 42. Rc7 Rd3+ 43. Ka4 f5 44. Rxa7 f4 45. Rc7 f3 46. b5 f2 47. Rc1 Rf3 48. Rf1 Ke7 49. Kb4 Kd6 50. a4 e5 51. a5 e4 52. Kc4 e3 53. Kd3 Kc5 54. b6 Kc6 55. Ke2 Rg3 56. Rc1+ Kb7 57. Rc7+ Kb8 58. a6 f1=Q+ 59. Kxf1 1-0

[Event "Isle of Wight International"]
[Site "Ryde"]
[Date "2025.02.19"]
[Round "3.17"]
[White "Kiese, Matthias"]
[Black "Camacho Collados, Jose"]
[Result "0-1"]
[WhiteElo "2109"]
[BlackElo "2345"]
[PlyCount "66"]
[EventDate "2025.02.18"]
[EventType "swiss"]
[EventRounds "9"]
[EventCountry "ENG"]
[SourceTitle "BritBase"]
[Source "John Saunders"]
[SourceDate "2025.02.21"]
[SourceVersion "1"]
[SourceVersionDate "2025.02.21"]
[SourceQuality "1"]

1. d4 Nf6 2. Nf3 e6 3. Bg5 c5 4. e3 Qb6 5. Qc1 Nc6 6. c3 d5 7. Nbd2 cxd4 8. exd4 e5 9. Nb3 e4 10. Nfd2 a5 11. a4 Bd6 12. Bb5 Qc7 13. Nf1 Be6 14. Bxf6 gxf6 15. Qh6 f5 16. Qf6 Rg8 17. g3 Qe7 18. Qxe7+ Kxe7 19. f4 exf3 20. Kf2 f4 21. Re1 Kf6 22. Nbd2 Bf5 23. gxf4 Rg2+ 24. Kxf3 Rag8 25. h3 Ne7 26. Re2 R2g7 27. Rhh2 Ng6 28. Re5 Nh4+ 29. Ke3 Bxe5 30. dxe5+ Ke7 31. Nb3 Ng2+ 32. Kd4 b6 33. Kxd5 Be6+ 0-1

[Event "Isle of Wight International"]
[Site "Ryde"]
[Date "2025.02.19"]
[Round "3.18"]
[White "Pereslavtsev, Alexandr"]
[Black "Badacsonyi, Stanley"]
[Result "0-1"]
[WhiteElo "1946"]
[BlackElo "2307"]
[PlyCount "114"]
[EventDate "2025.02.18"]
[EventType "swiss"]
[EventRounds "9"]
[EventCountry "ENG"]
[SourceTitle "BritBase"]
[Source "John Saunders"]
[SourceDate "2025.02.21"]
[SourceVersion "1"]
[SourceVersionDate "2025.02.21"]
[SourceQuality "1"]

1. d4 Nf6 2. c4 g6 3. Nc3 Bg7 4. e4 d6 5. Be2 O-O 6. Be3 Nc6 7. d5 Ne5 8. h3 e6 9. f4 Ned7 10. dxe6 fxe6 11. g4 Qe7 12. Qc2 b6 13. Bf3 Rb8 14. O-O-O Bb7 15. h4 d5 16. g5 Nxe4 17. Nxe4 dxe4 18. Bxe4 Bxe4 19. Qxe4 Nc5 20. Bxc5 Qxc5 21. h5 Qf5 22. Qxf5 exf5 23. h6 Bh8 24. Rd7 Rbe8 25. Nh3 Re2 26. b3 c5 27. Rhd1 Bb2+ 28. Kb1 Bd4 29. Ng1 Re3 30. Rf1 Re4 31. Rxa7 Rfe8 32. Kc2 Re3 33. Nf3 Re2+ 34. Kd1 Rb2 35. Nxd4 Rb1+ 36. Kd2 Rxf1 37. Nc6 Rf2+ 38. Kd3 Rf3+ 39. Kd2 Rxf4 40. Ne7+ Kf8 41. Nd5 Rd4+ 42. Kc3 b5 43. Rxh7 b4+ 44. Kc2 Re2+ 45. Kc1 Rh4 46. Rh8+ Kf7 47. Rh7+ Ke8 48. Nf6+ Kd8 49. Rd7+ Kc8 50. Rd5 Rh1+ 51. Rd1 Rhh2 52. Rd5 Rxa2 53. Kb1 Rag2 54. Kc1 Rxg5 55. h7 Rg1+ 56. Rd1 Rxd1+ 57. Kxd1 Kd8 0-1

[Event "Isle of Wight International"]
[Site "Ryde"]
[Date "2025.02.19"]
[Round "3.19"]
[White "Radeva, Viktoria"]
[Black "Adams, Henry"]
[Result "1-0"]
[WhiteElo "2303"]
[BlackElo "2082"]
[PlyCount "67"]
[EventDate "2025.02.18"]
[EventType "swiss"]
[EventRounds "9"]
[EventCountry "ENG"]
[SourceTitle "BritBase"]
[Source "John Saunders"]
[SourceDate "2025.02.21"]
[SourceVersion "1"]
[SourceVersionDate "2025.02.21"]
[SourceQuality "1"]

1. e4 e6 2. d4 d5 3. e5 c5 4. c3 Nc6 5. Nf3 Bd7 6. Be2 Nge7 7. O-O Ng6 8. Re1 Be7 9. Be3 O-O 10. Nbd2 cxd4 11. cxd4 f6 12. exf6 Bxf6 13. Nb3 Be8 14. Nc5 Qe7 15. Rc1 Rd8 16. Nd3 Qd6 17. g3 b6 18. h4 e5 19. dxe5 Ncxe5 20. Nfxe5 Bxe5 21. Nxe5 Nxe5 22. Qd4 Qf6 23. Red1 Nf3+ 24. Bxf3 Qxf3 25. Rc7 Rf7 26. Rxf7 Bxf7 27. Rc1 Be6 28. Rc7 Rd7 29. Rc8+ Kf7 30. Qb4 Re7 31. Bg5 Bxc8 32. Qxe7+ Kg8 33. Bf4 Qd1+ 34. Kh2 1-0

[Event "Isle of Wight International"]
[Site "Ryde"]
[Date "2025.02.19"]
[Round "3.20"]
[White "Dorrance, Adam"]
[Black "Fellowes, Billy"]
[Result "1-0"]
[WhiteElo "2284"]
[BlackElo "2066"]
[PlyCount "85"]
[EventDate "2025.02.18"]
[EventType "swiss"]
[EventRounds "9"]
[EventCountry "ENG"]
[SourceTitle "BritBase"]
[Source "John Saunders"]
[SourceDate "2025.02.21"]
[SourceVersion "1"]
[SourceVersionDate "2025.02.21"]
[SourceQuality "1"]

1. d4 Nf6 2. c4 g6 3. Nf3 Bg7 4. g3 O-O 5. Bg2 d6 6. Nc3 c6 7. O-O Bf5 8. Ne1 e5 9. d5 Qe7 10. e4 Bc8 11. Nd3 Nbd7 12. Rb1 cxd5 13. cxd5 Ne8 14. Qc2 Nb6 15. a4 Bd7 16. b3 Rc8 17. Bb2 f5 18. f3 Nf6 19. Qe2 Bh6 20. Nd1 fxe4 21. fxe4 Bg4 22. Bf3 Bxf3 23. Rxf3 Qc7 24. N1f2 Qc2 25. Qxc2 Rxc2 26. Ba3 Ne8 27. Rxf8+ Bxf8 28. Rc1 Rd2 29. a5 Nd7 30. Rc8 Kf7 31. Bc1 Ra2 32. b4 b6 33. Ra8 Nc7 34. Rxa7 Rc2 35. axb6 Nxb6 36. Be3 Nc8 37. Rb7 Ke8 38. b5 Be7 39. Nb4 Rc4 40. Nc6 Bd8 41. b6 Na6 42. Nxd8 Kxd8 43. Rxh7 1-0

[Event "Isle of Wight International"]
[Site "Ryde"]
[Date "2025.02.19"]
[Round "3.21"]
[White "Damodaran, Patrick"]
[Black "Chatalbashev, Boris"]
[Result "0-1"]
[WhiteElo "2072"]
[BlackElo "2489"]
[PlyCount "54"]
[EventDate "2025.02.18"]
[EventType "swiss"]
[EventRounds "9"]
[EventCountry "ENG"]
[SourceTitle "BritBase"]
[Source "John Saunders"]
[SourceDate "2025.02.21"]
[SourceVersion "1"]
[SourceVersionDate "2025.02.21"]
[SourceQuality "1"]

1. e4 g6 2. d4 Bg7 3. Nc3 c6 4. Be3 d5 5. exd5 cxd5 6. Qd2 Nc6 7. Nf3 Bg4 8. Bb5 Bxf3 9. gxf3 e6 10. O-O-O Rc8 11. h4 h5 12. Kb1 Nge7 13. Bxc6+ Rxc6 14. Bg5 Qa5 15. Qf4 f6 16. Rhe1 fxg5 17. Qxg5 Kf7 18. Qf4+ Nf5 19. Ne4 dxe4 20. fxe4 Rhc8 21. Re2 Qb5 22. Qf3 Rc3 23. Re3 Bxd4 24. exf5 Qxb2+ 25. Kxb2 Rxe3+ 26. Rxd4 Rxf3 27. fxe6+ Kxe6 0-1

[Event "Isle of Wight International"]
[Site "Ryde"]
[Date "2025.02.19"]
[Round "3.22"]
[White "Roberson, Peter T"]
[Black "Murawski, Jan"]
[Result "1-0"]
[WhiteElo "2444"]
[BlackElo "2071"]
[PlyCount "49"]
[EventDate "2025.02.18"]
[EventType "swiss"]
[EventRounds "9"]
[EventCountry "ENG"]
[SourceTitle "BritBase"]
[Source "John Saunders"]
[SourceDate "2025.02.21"]
[SourceVersion "1"]
[SourceVersionDate "2025.02.21"]
[SourceQuality "1"]

1. d4 Nf6 2. c4 e6 3. Nc3 d5 4. cxd5 exd5 5. Bg5 Be7 6. e3 h6 7. Bh4 c6 8. Qc2 O-O 9. Bd3 c5 10. dxc5 d4 11. Rd1 dxc3 12. Bxf6 Bxf6 13. Bh7+ Kh8 14. Rxd8 Rxd8 15. bxc3 g6 16. Bxg6 fxg6 17. Qxg6 Bxc3+ 18. Ke2 Bg7 19. Nf3 b6 20. Ne5 Ba6+ 21. Ke1 Rd5 22. Nf7+ Kg8 23. Nxh6+ Kh8 24. Qe8+ Kh7 25. Qg8+ 1-0

[Event "Isle of Wight International"]
[Site "Ryde"]
[Date "2025.02.19"]
[Round "3.23"]
[White "Turner, Matthew J"]
[Black "Lishoy Gengis Paratazham, Dildarav"]
[Result "1-0"]
[WhiteElo "2438"]
[BlackElo "2045"]
[PlyCount "91"]
[EventDate "2025.02.18"]
[EventType "swiss"]
[EventRounds "9"]
[EventCountry "ENG"]
[SourceTitle "BritBase"]
[Source "John Saunders"]
[SourceDate "2025.02.21"]
[SourceVersion "1"]
[SourceVersionDate "2025.02.21"]
[SourceQuality "1"]

1. e4 e6 2. d4 d5 3. Nc3 dxe4 4. Nxe4 Nd7 5. Nf3 Ngf6 6. Nxf6+ Nxf6 7. Bd3 c5 8. dxc5 Bxc5 9. O-O O-O 10. Qe2 h6 11. Bf4 Nd5 12. Bg3 b5 13. Bxb5 Bb7 14. Ba6 Bxa6 15. Qxa6 Rc8 16. c3 Qb6 17. Qe2 a5 18. a4 f5 19. Be5 Rfe8 20. Rad1 Rcd8 21. Qb5 Qa7 22. Nd4 Bxd4 23. Rxd4 Qe7 24. Qxa5 Ra8 25. Qb5 Qg5 26. f4 Qg6 27. Rf3 Nf6 28. Rg3 Qf7 29. h3 Rad8 30. Kh2 Kh8 31. a5 Kh7 32. a6 Kh8 33. Qb7 Qxb7 34. axb7 Rxd4 35. cxd4 Nd7 36. Rc3 Nxe5 37. dxe5 g5 38. Rc8 Rxc8 39. bxc8=Q+ Kg7 40. Qd7+ Kh8 41. b4 gxf4 42. b5 f3 43. gxf3 f4 44. b6 h5 45. b7 h4 46. b8=R# 1-0

[Event "Isle of Wight International"]
[Site "Ryde"]
[Date "2025.02.19"]
[Round "3.24"]
[White "Golding, Alex"]
[Black "Sanitt, Ethan"]
[Result "1/2-1/2"]
[WhiteElo "2365"]
[BlackElo "2040"]
[PlyCount "111"]
[EventDate "2025.02.18"]
[EventType "swiss"]
[EventRounds "9"]
[EventCountry "ENG"]
[SourceTitle "BritBase"]
[Source "John Saunders"]
[SourceDate "2025.02.21"]
[SourceVersion "1"]
[SourceVersionDate "2025.02.21"]
[SourceQuality "1"]

1. e4 e6 2. d4 d5 3. Nc3 Bb4 4. e5 c5 5. a3 Bxc3+ 6. bxc3 Qc7 7. Nf3 Nc6 8. Bd3 cxd4 9. cxd4 Bd7 10. O-O Nge7 11. Qd2 O-O 12. a4 f6 13. Ba3 fxe5 14. Nxe5 Nxe5 15. dxe5 Rf7 16. Bd6 Qd8 17. c4 Bc6 18. cxd5 Nxd5 19. Be4 Qh4 20. f3 Rd8 21. g3 Qh5 22. f4 Ne7 23. Bxc6 Nxc6 24. Qd3 Nb4 25. Qe4 Nd5 26. Rac1 Qg4 27. Kg2 h6 28. h3 Qf5 29. Rfe1 g5 30. Qxf5 Rxf5 31. fxg5 Rxg5 32. h4 Rg4 33. a5 Kh7 34. Rb1 Rd7 35. Rb3 Rdg7 36. Reb1 b6 37. axb6 axb6 38. Kh3 b5 39. Rf3 b4 40. Bf8 Rg8 41. Ra1 Nc3 42. Ra7+ Kh8 43. Bxh6 Ne2 44. Kh2 Nxg3 45. Bg5 Ne4 46. Rf6 Nxf6 47. Bxf6+ R8g7 48. Ra8+ Kh7 49. Bxg7 Kxg7 50. Kh3 Re4 51. Rb8 Kg6 52. Kg3 Kf5 53. h5 Kg5 54. Rb6 Rxe5 55. Rxb4 Kxh5 56. Kf4 1/2-1/2

[Event "Isle of Wight International"]
[Site "Ryde"]
[Date "2025.02.19"]
[Round "3.25"]
[White "Dickenson, Neil F"]
[Black "Ng, Jun Fung Isaac"]
[Result "1-0"]
[WhiteElo "2283"]
[BlackElo "2034"]
[PlyCount "53"]
[EventDate "2025.02.18"]
[EventType "swiss"]
[EventRounds "9"]
[EventCountry "ENG"]
[SourceTitle "BritBase"]
[Source "John Saunders"]
[SourceDate "2025.02.21"]
[SourceVersion "1"]
[SourceVersionDate "2025.02.21"]
[SourceQuality "1"]

1. d4 Nf6 2. Bg5 Ne4 3. Bf4 d5 4. e3 c5 5. Bd3 Qb6 6. Bxe4 dxe4 7. Nc3 Qxb2 8. Nge2 Bg4 9. O-O Bxe2 10. Nxe2 Nc6 11. d5 Na5 12. Rb1 Qf6 13. c4 O-O-O 14. Qa4 Qa6 15. Rb5 b6 16. Rfb1 e5 17. Bxe5 Bd6 18. Bc3 Rd7 19. Bxa5 bxa5 20. Rxa5 Rb7 21. Rxb7 Qxb7 22. Rb5 Qe7 23. Qa6+ Kd8 24. g3 Qe5 25. Qxa7 g5 26. Qa8+ Ke7 27. Rb7+ 1-0